Metalurgia de los aceros de calidad / (Record no. 116229)

MARC details
000 -LEADER
campo de control de longitud fija 00641nam a2200181 4500
001 - NÚMERO DE CONTROL
campo de control 116229
003 - IDENTIFICADOR DE NÚMERO DE CONTROL
campo de control ES-MaACL
005 - FECHA Y HORA DE LA ÚLTIMA TRANSACCIÓN
campo de control 20230906190649.0
007 - CAMPO FIJO DE DESCRIPCIÓN FÍSICA--INFORMACIÓN GENERAL
campo de control de longitud fija t|
008 - DATOS DE LONGITUD FIJA--INFORMACIÓN GENERAL
campo de control de longitud fija 061121s1951 sp r ||||1| spa d
100 1# - ENTRADA PRINCIPAL--NOMBRE DE PERSONA
Nombre de persona Parker, Charles M.
9 (RLIN) 89171
245 10 - MENCIÓN DEL TÍTULO
Título Metalurgia de los aceros de calidad /
Mención de responsabilidad, etc. Charles M. Parker ; traducción española y prólogo por José Martínez Cros y Francisco Muñoz del Corral.
260 ## - PUBLICACIÓN, DISTRIBUCIÓN, ETC.
Lugar de publicación, distribución, etc. Madrid :
Nombre del editor, distribuidor, etc. Aguilar,
Fecha de publicación, distribución, etc. 1951.
300 ## - DESCRIPCIÓN FÍSICA
Extensión XV, 264 p. 1 gráf. pleg. ;
Dimensiones 22 cm.
700 1# - ENTRADA AGREGADA--NOMBRE PERSONAL
Nombre de persona Martínez Cros, José.
9 (RLIN) 77960
700 1# - ENTRADA AGREGADA--NOMBRE PERSONAL
Nombre de persona Muñoz del Corral, Francisco.
9 (RLIN) 84396
852 ## - LOCALIZACIÓN
Ubicación ES-MaACL
Número de control de estantería C-15420
Sublocalización o colección R.43445
Holdings
Estatus retirado Estado de pérdida Estado de daño No para préstamo Biblioteca de origen Biblioteca actual Ubicación en estantería Fecha de adquisición Fuente de adquisición Total de préstamos Signatura topográfica completa Código de barras Visto por última vez Precio de reemplazo Tipo de ítem Koha
        Biblioteca del Ateneo de Madrid Biblioteca del Ateneo de Madrid Ficheros 17/01/2008     C-15420 1121204 23/02/2023 23/02/2023 Libro impreso